<?xml version="1.0" encoding="UTF-8"?>
<record
    xmlns:xsi="http://www.w3.org/2001/XMLSchema-instance"
    xsi:schemaLocation="http://www.loc.gov/MARC21/slim http://www.loc.gov/standards/marcxml/schema/MARC21slim.xsd"
    xmlns="http://www.loc.gov/MARC21/slim">

  <leader>01182nam a22003497a 4500</leader>
  <controlfield tag="003">OSt</controlfield>
  <controlfield tag="005">20240622095203.0</controlfield>
  <controlfield tag="008">240620b           ||||| |||| 00| 0 eng d</controlfield>
  <datafield tag="022" ind1=" " ind2=" ">
    <subfield code="2">09714498</subfield>
  </datafield>
  <datafield tag="040" ind1=" " ind2=" ">
    <subfield code="c">AIMIT LIBRARY</subfield>
  </datafield>
  <datafield tag="082" ind1=" " ind2=" ">
    <subfield code="a">332.12</subfield>
    <subfield code="b">BANF</subfield>
  </datafield>
  <datafield tag="245" ind1=" " ind2=" ">
    <subfield code="a">Banking Finance :</subfield>
    <subfield code="b">leading monthly journal on banking &amp; finance /</subfield>
    <subfield code="c">edited by Ram Gopal Agarwala, Rakesh Agarwal and Shyam Agarwal.</subfield>
  </datafield>
  <datafield tag="260" ind1=" " ind2=" ">
    <subfield code="a">Kolkata :</subfield>
    <subfield code="b">Satyajug Employee Co Operative Industrial Ltd ,</subfield>
    <subfield code="c">2016.</subfield>
  </datafield>
  <datafield tag="300" ind1=" " ind2=" ">
    <subfield code="b">HB</subfield>
    <subfield code="c">27 cm.</subfield>
  </datafield>
  <datafield tag="440" ind1=" " ind2=" ">
    <subfield code="a">Banking Finance</subfield>
    <subfield code="v">Vol.30 No.1-12/2017</subfield>
    <subfield code="9">171316</subfield>
  </datafield>
  <datafield tag="440" ind1=" " ind2=" ">
    <subfield code="v">Vol.29 No.8-12/2016</subfield>
  </datafield>
  <datafield tag="440" ind1=" " ind2=" ">
    <subfield code="v">Vol.27 No.7-12/2014</subfield>
  </datafield>
  <datafield tag="440" ind1=" " ind2=" ">
    <subfield code="v">Vol.27 No.1-6/2014</subfield>
  </datafield>
  <datafield tag="440" ind1=" " ind2=" ">
    <subfield code="v">Vol.28 No.3-5,10-12/2015</subfield>
  </datafield>
  <datafield tag="440" ind1=" " ind2=" ">
    <subfield code="v">Vol.28 No.1,6-9/2015</subfield>
  </datafield>
  <datafield tag="440" ind1=" " ind2=" ">
    <subfield code="v">Vol.32 No.3-12/2019</subfield>
  </datafield>
  <datafield tag="440" ind1=" " ind2=" ">
    <subfield code="v">Vol.29 No.1-4,6&amp;7/2016</subfield>
  </datafield>
  <datafield tag="440" ind1=" " ind2=" ">
    <subfield code="v">Vol.31 No.1-6/2018</subfield>
  </datafield>
  <datafield tag="650" ind1=" " ind2=" ">
    <subfield code="a">Reserve Bank news</subfield>
    <subfield code="9">171296</subfield>
  </datafield>
  <datafield tag="650" ind1=" " ind2=" ">
    <subfield code="a">Mutual fund news</subfield>
    <subfield code="9">171297</subfield>
  </datafield>
  <datafield tag="650" ind1=" " ind2=" ">
    <subfield code="a">People on the Move</subfield>
    <subfield code="9">171298</subfield>
  </datafield>
  <datafield tag="650" ind1=" " ind2=" ">
    <subfield code="a">Reserve Bank news</subfield>
    <subfield code="9">171296</subfield>
  </datafield>
  <datafield tag="700" ind1=" " ind2=" ">
    <subfield code="a">Agarwala, Ram Gopal.</subfield>
    <subfield code="9">171299</subfield>
  </datafield>
  <datafield tag="700" ind1=" " ind2=" ">
    <subfield code="a">Agarwal, Rakesh.</subfield>
    <subfield code="9">171300</subfield>
  </datafield>
  <datafield tag="700" ind1=" " ind2=" ">
    <subfield code="a">Agarwal, Shyam.</subfield>
    <subfield code="9">171301</subfield>
  </datafield>
  <datafield tag="942" ind1=" " ind2=" ">
    <subfield code="2">ddc</subfield>
    <subfield code="c">BK</subfield>
    <subfield code="k">332.12 BANF</subfield>
  </datafield>
  <datafield tag="999" ind1=" " ind2=" ">
    <subfield code="c">231262</subfield>
    <subfield code="d">231262</subfield>
  </datafield>
  <datafield tag="952" ind1=" " ind2=" ">
    <subfield code="0">0</subfield>
    <subfield code="1">0</subfield>
    <subfield code="2">ddc</subfield>
    <subfield code="4">0</subfield>
    <subfield code="7">0</subfield>
    <subfield code="8">MBA</subfield>
    <subfield code="a">AIMIT</subfield>
    <subfield code="b">AIMIT</subfield>
    <subfield code="c">BV</subfield>
    <subfield code="d">2024-06-20</subfield>
    <subfield code="h">Vol.29 No.1-4, 6&amp;7.</subfield>
    <subfield code="l">0</subfield>
    <subfield code="o">332.12 BANF</subfield>
    <subfield code="p">BVM1005</subfield>
    <subfield code="r">2024-06-20 00:00:00</subfield>
    <subfield code="w">2024-06-20</subfield>
    <subfield code="y">BV</subfield>
  </datafield>
  <datafield tag="952" ind1=" " ind2=" ">
    <subfield code="0">0</subfield>
    <subfield code="1">0</subfield>
    <subfield code="2">ddc</subfield>
    <subfield code="4">0</subfield>
    <subfield code="7">0</subfield>
    <subfield code="8">MBA</subfield>
    <subfield code="a">AIMIT</subfield>
    <subfield code="b">AIMIT</subfield>
    <subfield code="c">BV</subfield>
    <subfield code="d">2024-06-20</subfield>
    <subfield code="h">Vol.32 No.3-12/2019</subfield>
    <subfield code="l">0</subfield>
    <subfield code="o">332.12 BANF</subfield>
    <subfield code="p">BVM1064</subfield>
    <subfield code="r">2024-06-20 00:00:00</subfield>
    <subfield code="w">2024-06-20</subfield>
    <subfield code="y">BV</subfield>
  </datafield>
  <datafield tag="952" ind1=" " ind2=" ">
    <subfield code="0">0</subfield>
    <subfield code="1">0</subfield>
    <subfield code="2">ddc</subfield>
    <subfield code="4">0</subfield>
    <subfield code="7">0</subfield>
    <subfield code="8">MBA</subfield>
    <subfield code="a">AIMIT</subfield>
    <subfield code="b">AIMIT</subfield>
    <subfield code="c">BV</subfield>
    <subfield code="d">2024-06-20</subfield>
    <subfield code="h">Vol.28 No.1,6-9/2015</subfield>
    <subfield code="l">0</subfield>
    <subfield code="o">332.12 BANF</subfield>
    <subfield code="p">BVM745</subfield>
    <subfield code="r">2024-06-20 00:00:00</subfield>
    <subfield code="w">2024-06-20</subfield>
    <subfield code="y">BV</subfield>
  </datafield>
  <datafield tag="952" ind1=" " ind2=" ">
    <subfield code="0">0</subfield>
    <subfield code="1">0</subfield>
    <subfield code="2">ddc</subfield>
    <subfield code="4">0</subfield>
    <subfield code="7">0</subfield>
    <subfield code="8">MBA</subfield>
    <subfield code="a">AIMIT</subfield>
    <subfield code="b">AIMIT</subfield>
    <subfield code="c">BV</subfield>
    <subfield code="d">2024-06-20</subfield>
    <subfield code="h">Vol.28 No.3-5,10-12/2015</subfield>
    <subfield code="l">0</subfield>
    <subfield code="o">332.12 BANF</subfield>
    <subfield code="p">BVM744</subfield>
    <subfield code="r">2024-06-20 00:00:00</subfield>
    <subfield code="w">2024-06-20</subfield>
    <subfield code="y">BV</subfield>
  </datafield>
  <datafield tag="952" ind1=" " ind2=" ">
    <subfield code="0">0</subfield>
    <subfield code="1">0</subfield>
    <subfield code="2">ddc</subfield>
    <subfield code="4">0</subfield>
    <subfield code="7">0</subfield>
    <subfield code="8">MBA</subfield>
    <subfield code="a">AIMIT</subfield>
    <subfield code="b">AIMIT</subfield>
    <subfield code="c">BV</subfield>
    <subfield code="d">2024-06-20</subfield>
    <subfield code="h">Vol.27 No.1-6/2014</subfield>
    <subfield code="l">0</subfield>
    <subfield code="o">332.12 BANF</subfield>
    <subfield code="p">BVM869</subfield>
    <subfield code="r">2024-06-20 00:00:00</subfield>
    <subfield code="w">2024-06-20</subfield>
    <subfield code="y">BV</subfield>
  </datafield>
  <datafield tag="952" ind1=" " ind2=" ">
    <subfield code="0">0</subfield>
    <subfield code="1">0</subfield>
    <subfield code="2">ddc</subfield>
    <subfield code="4">0</subfield>
    <subfield code="7">0</subfield>
    <subfield code="8">MBA</subfield>
    <subfield code="a">AIMIT</subfield>
    <subfield code="b">AIMIT</subfield>
    <subfield code="c">BV</subfield>
    <subfield code="d">2024-06-20</subfield>
    <subfield code="h">Vol.27 No.7-12/2014</subfield>
    <subfield code="l">0</subfield>
    <subfield code="o">332.12 BANF</subfield>
    <subfield code="p">BVM870</subfield>
    <subfield code="r">2024-06-20 00:00:00</subfield>
    <subfield code="w">2024-06-20</subfield>
    <subfield code="y">BV</subfield>
  </datafield>
  <datafield tag="952" ind1=" " ind2=" ">
    <subfield code="0">0</subfield>
    <subfield code="1">0</subfield>
    <subfield code="2">ddc</subfield>
    <subfield code="4">0</subfield>
    <subfield code="7">0</subfield>
    <subfield code="8">MBA</subfield>
    <subfield code="a">AIMIT</subfield>
    <subfield code="b">AIMIT</subfield>
    <subfield code="c">BV</subfield>
    <subfield code="d">2024-06-20</subfield>
    <subfield code="h">Vol.29 No.8-12/2016</subfield>
    <subfield code="l">0</subfield>
    <subfield code="o">332.12 BANF</subfield>
    <subfield code="p">BVM999</subfield>
    <subfield code="r">2024-06-20 00:00:00</subfield>
    <subfield code="w">2024-06-20</subfield>
    <subfield code="y">BV</subfield>
  </datafield>
  <datafield tag="952" ind1=" " ind2=" ">
    <subfield code="0">0</subfield>
    <subfield code="1">0</subfield>
    <subfield code="2">ddc</subfield>
    <subfield code="4">0</subfield>
    <subfield code="7">0</subfield>
    <subfield code="8">MBA</subfield>
    <subfield code="a">AIMIT</subfield>
    <subfield code="b">AIMIT</subfield>
    <subfield code="c">BV</subfield>
    <subfield code="d">2024-06-20</subfield>
    <subfield code="h">Vol.30 No.1-12/2017</subfield>
    <subfield code="l">0</subfield>
    <subfield code="o">332.12 BANF</subfield>
    <subfield code="p">BVM977</subfield>
    <subfield code="r">2024-06-20 00:00:00</subfield>
    <subfield code="w">2024-06-20</subfield>
    <subfield code="y">BV</subfield>
  </datafield>
  <datafield tag="952" ind1=" " ind2=" ">
    <subfield code="0">0</subfield>
    <subfield code="1">0</subfield>
    <subfield code="2">ddc</subfield>
    <subfield code="4">0</subfield>
    <subfield code="7">0</subfield>
    <subfield code="8">MBA</subfield>
    <subfield code="a">AIMIT</subfield>
    <subfield code="b">AIMIT</subfield>
    <subfield code="c">BV</subfield>
    <subfield code="d">2024-06-20</subfield>
    <subfield code="h">Vol.31 No.1-6/2018</subfield>
    <subfield code="l">0</subfield>
    <subfield code="o">332.12 BANF</subfield>
    <subfield code="p">BVM1084</subfield>
    <subfield code="r">2024-06-22 00:00:00</subfield>
    <subfield code="w">2024-06-20</subfield>
    <subfield code="y">BV</subfield>
  </datafield>
</record>
